Score 0/10 Timer 01:00
0 Plays Today
% Correct
Salma Hayek
92.4%
Frida Kahlo
88.5%
Moctezuma II
84.5%
Emiliano Zapata
75.6%
Maximilian I
72.9%
Vicente Fox
66.1%
Joaquín Guzmán
58.1%
Carlos Slim
55.6%
Gael García Bernal
54.2%
Porfirio Díaz
47.2%

Today's Daily Dose

Missing Word
TV NA - NZ

Word Ladder
Neck and Neck

Quick Pick
'Q' Places

You're not logged in!

Compare scores with friends on all Sporcle quizzes.
OR
Log In

Sporcle TV

Today on Sporcle TV


Watch our educational content, quiz creation guides, and fun videos on Sporcle TV.

Show Comments

Extras

Top Quizzes Today


Score Distribution

Paid Content

Your Account Isn't Verified!

In order to create a playlist on Sporcle, you need to verify the email address you used during registration. Go to your Sporcle Settings to finish the process.

Report this User

Report this user for behavior that violates our Community Guidelines.

Details: